| 000 | 01750nam0a2200349 4500 | ||
|---|---|---|---|
| 001 | RU\NLR\bibl\1323347 | ||
| 005 | 20250615161612.0 | ||
| 010 |
_a978-5-91395-035-2 _9500 |
||
| 021 |
_aRU _b2009-35250 _92128 |
||
| 035 | _a(NLR Aleph) 001308669 | ||
| 090 |
_a665412 _c665412 |
||
| 100 | _a20090203d2008 |||y0rusy50 ca | ||
| 101 | 0 | _arus | |
| 102 | _aRU | ||
| 105 | _ay ||||||||| | ||
| 200 | 1 |
_aПервая в мире Методика диссертационных исследований третьего поколения _e[учебное пособие] _fФ. С. Веселков |
|
| 205 | _a2-е изд. первого учеб. пособия третьего поколения, опирающееся на методологию науч. исслед., [сокр. и доп.] | ||
| 210 |
_aСанкт-Петербург _cИзд-во МИРС _d2008 |
||
| 215 |
_a212 с. _d20 |
||
| 300 | _aНа 212-й с. авт.: Ф. С. Веселков, д. э. н., проф., чл.-кор. Междунар. акад. наук высш. шк., д.чл. Акад. труда и занятости | ||
| 320 | _aБиблиогр. в тексте и в подстроч. примеч. | ||
| 320 | _aОсновные тр. Ф. С. Веселкова по науковедению: с. 204-212 (82 назв.) | ||
| 606 | 1 |
_aДиссертации _jУчебные издания _xМетодика написания _9984594 _3RU\NLR\auth\66371119 |
|
| 686 | _aЧ215.78я7 | ||
| 700 | 1 |
_aВеселков _bФ. С. _gФридрих Степанович _4070 |
|
| 801 | 0 |
_aRU _bNLR _c20090203 _gRCR |
|
| 801 | 1 |
_aRU _bNLR _c20090203 |
|
| 830 | _aАвт. по кн. | ||
| 942 | _cBOOK | ||
| 980 | _aNB | ||